500k+ First Level Subdivision Capitals - Statistics

General Stats
  • This quiz has been taken 98 times
  • The average score is 317 of 530
Answers on the Map
Answers color-coded by a green-red scale on the quiz's map according to % correct below.
 
Answer Stats
Country Type Subdivison % Correct
Cuba Province ________ Havana
94%
France Region Île-de-France Paris
94%
Egypt Province ________ Cairo
92%
United Kingdom Country England London
92%
Italy Region Lazio Rome
92%
United States State California Sacramento
92%
Egypt Province ________ Alexandria
91%
Algeria Province ________ Algiers
91%
Spain Community Catalonia Barcelona
91%
Germany State ________ Berlin
91%
Ireland City ________ Dublin
91%
United Kingdom Country Scotland Edinburgh
91%
Ukraine City ________ Kiev
91%
Ukraine Region ________ Kiev
91%
Portugal District ________ Lisbon
91%
France Region Provence-Alpes-Côte d'Azur Marseille
91%
Italy Region Lombardy Milan
91%
Germany State Bavaria Munich
91%
United States State Arizona Phoenix
91%
Tunisia Province ________ Tunis
91%
Spain Community ________ Valencia
91%
Venezuela State Carabobo Valencia
91%
Croatia City ________ Zagreb
91%
Croatia County ________ Zagreb
91%
United States State Texas Austin
89%
Azerbaijan City ________ Baku
89%
United States State Massachusetts Boston
89%
Romania Municipality ________ Bucharest
89%
Hungary County ________ Budapest
89%
Hungary County Pest Budapest
89%
Finland Region Uusimaa Helsinki
89%
Turkey Province ________ Istanbul
89%
France Region Auvergne-Rhône-Alpes Lyon
89%
Spain Community ________ Madrid
89%
Belarus City ________ Minsk
89%
Belarus Region ________ Minsk
89%
Italy Region Campania Naples
89%
India Territory ________ New Delhi
89%
Czech Republic Region Central Bohemia Prague
89%
Czech Republic Region ________ Prague
89%
Bulgaria Province ________ Sofia
89%
Bulgaria Province ________ Sofia
89%
Greece Administration Attica Athens
88%
Serbia City ________ Belgrade
88%
Indonesia Province ________ Jakarta
88%
India State West Bengal Kolkata
88%
India State Maharashtra Mumbai | Nagpur
88%
Ukraine Region ________ Odessa
88%
Norway Region ________ Oslo
88%
Norway Region Viken Oslo | Drammen | Sarpsborg
88%
Latvia City ________ Rīga
88%
Austria State ________ Vienna
88%
Poland Province Masovia Warsaw
88%
Turkey Province ________ Ankara
86%
China Municipality ________ Beijing
86%
Colombia Department Cundinamarca Bogotá
86%
Colombia District Capital District Bogotá
86%
Argentina City ________ Buenos Aires
86%
Bangladesh Division ________ Dhaka
86%
United Arab Emirates Emirate ________ Dubai
86%
Peru Province ________ Lima
86%
Mexico District ________ Mexico City
86%
Russia City ________ Saint Petersburg
86%
Russia Region Leningrad Saint Petersburg
86%
Yemen Municipality Amanat Al Asimah Sana'a
86%
Yemen Province ________ Sana'a
86%
Spain Community Andalusia Seville
86%
Sweden County ________ Stockholm
86%
Australia State New South Wales Sydney
86%
Japan Prefecture ________ Tokyo | Shinyuku
86%
Canada Province Ontario Toronto
86%
Libya District ________ Tripoli
86%
United States District ________ Washington DC
86%
United Arab Emirates Emirate ________ Abu Dhabi
85%
Iraq Province ________ Baghdad
85%
Lebanon Province ________ Beirut
85%
United States State Colorado Denver
85%
Qatar Municipality ________ Doha
85%
Italy Region Liguria Genoa
85%
Germany State ________ Hamburg
85%
Vietnam Municipality ________ Hà Nội
85%
China Special Region ________ Hong Kong
85%
Saudi Arabia Region ________ Mecca
85%
Australia State Victoria Melbourne
85%
Uruguay Departament ________ Montevideo
85%
Taiwan Municipality ________ New Taipei
85%
Japan Prefecture ________ Ōsaka
85%
Australia State Western Australia Perth
85%
North Korea Direct-administered City ________ Pyongyang
85%
Morocco Region ________ Rabat
85%
Costa Rica Province ________ San José
85%
Chile Region ________ Santiago
85%
Dominican Republic Province ________ Santiago de los Caballeros
85%
South Korea Province ________ Seoul
85%
China Municipality ________ Shanghai
85%
Taiwan Municipality ________ Taipei
85%
Italy Region Piedmont Turin
85%
Lithuania County ________ Vilnius
85%
Ghana Region Greater Accra Accra
83%
Jordan Province ________ Amman
83%
Thailand Area ________ Bangkok
83%
South Africa Province Western Cape Cape Town
83%
Morocco Region ________ Casablanca
83%
Syria Province ________ Damascus
83%
Canada Province Alberta Edmonton
83%
Pakistan Province Sindh Karachi
83%
Sudan State ________ Khartoum
83%
Jamaica Parish ________ Kingston
83%
Democratic Republic of the Congo Province ________ Kinshasa
83%
Poland Province Lesser Poland Kraków
83%
Italy Region Sicily Palermo
83%
Saudi Arabia Region ________ Riyadh
83%
Brazil State ________ São Paulo
83%
Iran Province ________ Tehran
83%
Ethiopia City ________ Addis Ababa
82%
Ethiopia Region Oromia Addis Ababa
82%
Syria Province ________ Aleppo
82%
United States State Ohio Columbus
82%
Germany State Saxony Dresden
82%
Guatemala Department ________ Guatemala City
82%
Vietnam Municipality ________ Hồ Chí Minh City
82%
United States State ________ Indianapolis
82%
Israel District ________ Jerusalem
82%
Afghanistan Province ________ Kabul
82%
Malaysia Territory ________ Kuala Lumpur
82%
Pakistan Province Punjab Lahore
82%
Russia City ________ Moscow
82%
Russia Region ________ Moscow
82%
Kenya County ________ Nairobi
82%
Ecuador Province Pichincha Quito
82%
Brazil State ________ Rio de Janeiro
82%
Dominican Republic District Distrito Nacional Santo Domingo
82%
Dominican Republic Province ________ Santo Domingo Este
82%
Singapore Council Central Singapore Singapore
82%
Singapore Council North East Singapore
82%
Singapore Council North West Singapore
82%
Singapore Council South East Singapore
82%
Singapore Council South West Singapore
82%
Georgia Municipality ________ Tbilisi
82%
China Municipality ________ Tianjin
82%
Paraguay District ________ Asunción
80%
New Zealand Province ________ Auckland
80%
Brazil District Federal District Brasília
80%
Senegal Region ________ Dakar
80%
Sweden County Västra Götaland Gothenburg | Vänersborg
80%
China Province Guangdong Guangzhou
80%
Turkey Province ________ İzmir
80%
Bolivia Department ________ La Paz
80%
Philippines Region National Capital Manila
80%
Saudi Arabia Region ________ Medina
80%
Somalia Region Banaadir Mogadishu
80%
Haiti Department Ouest Port-au-Prince
80%
Canada Province ________ Quebec
80%
North Macedonia Municipality Aerodrom Skopje
80%
North Macedonia Municipality Butel Skopje
80%
North Macedonia Municipality Čair Skopje
80%
North Macedonia Municipality Centar Skopje
80%
North Macedonia Municipality Gazi Baba Skopje
80%
North Macedonia Municipality Gjorče Petrov Skopje
80%
North Macedonia Municipality Karpoš Skopje
80%
North Macedonia Municipality Kisela Voda Skopje
80%
North Macedonia Municipality Saraj Skopje
80%
North Macedonia Municipality Šuto Orizari Skopje
80%
Mongolia Municipality ________ Ulaanbaatar
80%
India State Karnataka Bangalore
78%
Germany State ________ Bremen
78%
Australia State Queensland Brisbane
78%
South Korea Province ________ Busan
78%
Venezuela District ________ Caracas
78%
Sri Lanka Province Western Colombo
78%
Tanzania Region ________ Dar es Salaam
78%
Morocco Region ________ Fès
78%
Sierra Leone Area Western Freetown
78%
Pakistan Territory ________ Islamabad
78%
South Africa Province Gauteng Johannesburg
78%
United States State Tennessee Nashville
78%
Argentina Province ________ San Juan
78%
Japan Prefecture Hokkaido Sapporo
78%
Germany State Baden-Württemberg Stuttgart
78%
Uzbekistan City ________ Tashkent
78%
China Province Shaanxi Xi'an
78%
Australia State South Australia Adelaide
77%
Yemen Province ________ Aden
77%
Belgium Province ________ Antwerp
77%
India State Tamil Nadu Chennai
77%
Moldova Municipality ________ Chișinău
77%
Germany State Lower Saxony Hanover
77%
Zimbabwe Province ________ Harare
77%
Angola Province ________ Luanda
77%
Ukraine Region ________ Lviv
77%
China Special Region ________ Macau
77%
Nicaragua Department ________ Managua
77%
Brazil State Amazonas Manaus
77%
Netherlands Province South Holland The Hague
77%
Myanmar Region ________ Yangon
77%
Armenia Municipality ________ Yerevan
77%
Kyrgyzstan City ________ Bishkek
75%
Kyrgyzstan Region Chuy Bishkek
75%
Republic of the Congo Department ________ Brazzaville
75%
Ukraine Region ________ Donetsk
75%
Mexico State Jalisco Guadalajara
75%
Uganda District ________ Kampala
75%
Rwanda Province ________ Kigali
75%
Zambia Province ________ Lusaka
75%
Mozambique City ________ Maputo
75%
Colombia Department Antioquia Medellín
75%
Algeria Province ________ Oran
75%
Honduras Department Francisco Morazán Tegucigalpa
75%
China Province Hubei Wuhan
75%
Ivory Coast District ________ Abidjan
74%
Turkmenistan District ________ Ashgabat
74%
China Municipality ________ Chongqing
74%
Argentina Province ________ Córdoba
74%
Ukraine Region ________ Kharkiv
74%
Japan Prefecture ________ Kyoto
74%
Poland Province ________ Łódź
74%
Togo Region Maritime Lomé
74%
Kenya County ________ Mombasa
74%
Mexico State Nuevo León Monterrey
74%
Japan Prefecture Aichi Nagoya
74%
Kazakhstan City ________ Nur-Sultan
74%
United States State ________ Oklahoma City
74%
Cambodia Province ________ Phnom Penh
74%
Russia Region Rostov Rostov-on-Don
74%
Morocco Region ________ Tangier
74%
Spain Community Aragon Zaragoza
74%
Madagascar Province Analamanga Antananarivo | Renivohitra
72%
Brazil State Pará Belém
72%
Brazil State Minas Gerais Belo Horizonte
72%
Guinea Region ________ Conakry
72%
Germany State North Rhine-Westphalia Düsseldorf
72%
Japan Prefecture ________ Hiroshima
72%
Morocco Region ________ Marrakesh
72%
Brazil State Bahia Salvador
72%
China Region Xinjiang Uyghur Ürümqi
72%
Laos Prefecture ________ Vientiane
72%
Cameroon Region Central Yaoundé
72%
China Province Sichuan Chengdu
71%
India State Telangana Hyderabad
71%
Nigeria State ________ Kano
71%
China Region Tibet Lhasa
71%
Gabon Province Estuaire Libreville
71%
Iraq Province Nineveh Mosul
71%
Brazil State Rio Grande do Sul Porto Alegre
71%
Indonesia Province East Java Surabaya
71%
Kazakhstan City ________ Almaty
69%
Central African Republic Commune ________ Bangui
69%
Colombia Department Valle del Cauca Cali
69%
Egypt Province ________ Giza
69%
China Province Heilongjiang Harbin
69%
Russia Republic Tatarstan Kazan
69%
Chad Region ________ N'Djamena
69%
Brazil State Pernambuco Recife
69%
Turkey Province ________ Antalya
68%
Mali District ________ Bamako
68%
Philippines Region Central Visayas Cebu
68%
Bangladesh Division ________ Chittagong
68%
Brazil State Ceará Fortaleza
68%
Iran Province ________ Isfahan
68%
Malawi Region Central Lilongwe
68%
China Province Jiangsu Nanjing
68%
Russia Region ________ Nizhny Novgorod
68%
Poland Province Lower Silesia Wrocław
68%
Indonesia Province Bali Denpasar
66%
Ukraine Region ________ Dnipro
66%
Tajikistan Region Districts under Central Government Jurisdiction Dushanbe
66%
Tajikistan Region ________ Dushanbe
66%
Ecuador Province Guayas Guayaquil
66%
Niger Region ________ Niamey
66%
Bolivia Department ________ Santa Cruz de la Sierra
66%
Canada Province Manitoba Winnipeg
66%
Iraq Province ________ Basra
65%
Myanmar Region ________ Mandalay
65%
Burkina Faso Region Centre Ouagadougou
65%
Egypt Province ________ Port Said
65%
Russia Region ________ Volgograd
65%
Turkey Province ________ Bursa
63%
Nigeria State Oyo Ibadan
63%
South Korea Province ________ Incheon
63%
Russia Territory ________ Perm
63%
Iraq Province Maysan Amarah
62%
Cameroon Region Littoral Douala
62%
Russia Region ________ Irkutsk
62%
Afghanistan Province ________ Kandahar
62%
Russia Territory ________ Krasnodar
62%
Russia Region ________ Omsk
62%
Russia Territory Primorsky Vladivostok
62%
Iraq Province ________ Erbil
60%
Japan Prefecture ________ Fukuoka
60%
Belarus Region ________ Gomel
60%
India State Rajasthan Jaipur
60%
Japan Prefecture Hyōgo Kōbe
60%
India State Uttar Pradesh Lucknow
60%
Mexico State Yucatán Mérida
60%
Mexico State ________ Puebla
60%
Russia Region ________ Samara
60%
Egypt Province ________ Suez
60%
Nigeria State Edo Benin City
58%
Benin Department Littoral Cotonou
58%
South Korea Province ________ Daegu
58%
Turkey Province ________ Gaziantep
58%
Indonesia Province North Sumatra Medan
58%
Russia Region ________ Novosibirsk
58%
Poland Province Greater Poland Poznań
58%
Iran Province ________ Qom
58%
Iran Province Fars Shiraz
58%
Russia Region Sverdlovsk Yekaterinburg
58%
Tanzania Region Mjini Magharibi Zanzibar
58%
Colombia Department Atlántico Barranquilla
57%
Mexico State ________ Chihuahua
57%
Vietnam Municipality ________ Đà Nẵng
57%
Philippines Region ________ Davao
57%
China Province Zhejiang Hangzhou
57%
Venezuela State Zulia Maracaibo
57%
Iran Province Razavi Khorasan Mashhad
57%
Mexico State Baja California Mexicali
57%
Nigeria State Rivers Port Harcourt
57%
Russia Region ________ Saratov
57%
Iran Province East Azerbaijan Tabriz
57%
Russia Republic Bashkortostan Ufa
57%
Turkey Province ________ Adana
55%
Colombia Department Bolívar Cartagena
55%
Ghana Region Ashanti Kumasi
55%
Democratic Republic of the Congo Province Haut-Katanga Lubumbashi
55%
Japan Prefecture Miyagi Sendai
55%
Chile Region ________ Valparaíso
55%
Japan Prefecture Kanagawa Yokohama
55%
Indonesia Province West Java Bandung
54%
Angola Province ________ Cabinda
54%
Brazil State Paraná Curitiba
54%
Afghanistan Province ________ Herat
54%
Brazil State Maranhão São Luís
54%
China Province Liaoning Shenyang
54%
Peru Departament ________ Arequipa
52%
China Province Fujian Fuzhou
52%
Syria Province ________ Homs
52%
China Province Yunnan Kunming
52%
Indonesia Province South Sulawesi Makassar
52%
Russia Region ________ Voronezh
52%
Ukraine Region ________ Zaporizhia
52%
Russia Region ________ Astrakhan
51%
Turkey Province ________ Konya
51%
Brazil State Rio Grande do Norte Natal
51%
Mexico State ________ San Luis Potosí
51%
Honduras Department Cortés San Pedro Sula
51%
Turkey Province ________ Van
51%
Russia Region ________ Chelyabinsk
49%
China Province Anhui Hefei
49%
Argentina Province ________ Mendoza
49%
Pakistan Province Khyber Pakhtunkhwa Peshawar
49%
Republic of the Congo Department ________ Pointe-Noire
49%
China Province Hunan Changsha
48%
Brazil State Goiás Goiânia
48%
China Province Hainan Haikou
48%
Somalia Region Woqooyi Galbeed Hargeisa
48%
Taiwan Municipality ________ Kaohsiung
48%
Indonesia Province South Sumatra Palembang
48%
Pakistan Province Balochistan Quetta
48%
Mexico State ________ Aguascalientes
46%
Mexico State ________ Durango
46%
Iraq Province ________ Kirkuk
46%
China Region Guangxi Nanning
46%
Uzbekistan Region ________ Samarqand
46%
Mexico State Chiapas Tuxtla Gutiérrez
46%
Saudi Arabia Region Eastern Province Dammam
45%
China Province Shandong Jinan
45%
Russia Region ________ Orenburg
45%
Russia Region ________ Tomsk
45%
Bolivia Department ________ Cochabamba
43%
Russia Territory ________ Krasnoyarsk
43%
Turkey Province ________ Mersin
43%
India State Bihar Patna
43%
Argentina Province ________ Santa Fe
43%
Taiwan Municipality ________ Taichung
43%
Taiwan Municipality ________ Tainan
43%
Peru Departament La Libertad Trujillo
43%
China Province Henan Zhengzhou
43%
China Province Gansu Lanzhou
42%
Argentina Province ________ La Plata
42%
China Province Hebei Shijiazhuang
42%
India State Madhya Pradesh Bhopal
40%
Chile Region Biobío Concepción
40%
Mexico State Sonora Hermosillo
40%
China Region Inner Mongolia Hohhot
40%
Democratic Republic of the Congo Province Kasaï-Oriental Mbuji-Mayi
40%
China Province Shanxi Taiyuan
40%
Malawi Region Southern Blantyre
38%
India State Haryana Chandigarh
38%
India State Punjab Chandigarh
38%
India Territory ________ Chandigarh
38%
Japan Prefecture ________ Chiba
38%
Vietnam Municipality ________ Hải Phòng
38%
Malaysia State ________ Johor Bahru
38%
Mexico State ________ Querétaro
38%
Turkey Province ________ Samsun
38%
Argentina Province ________ San Miguel de Tucumán
38%
United Arab Emirates Emirate ________ Sharjah
38%
Kazakhstan City ________ Shymkent
38%
South Korea Province ________ Daejeon
37%
Nigeria State ________ Kaduna
37%
Russia Territory ________ Khabarovsk
37%
Argentina Province ________ Salta
37%
Indonesia Province Central Java Semarang
37%
Russia Region ________ Yaroslavl
37%
Angola Province ________ Benguela
35%
Zimbabwe Province ________ Bulawayo
35%
North Korea Province South Hamgyong Hamhung
35%
Democratic Republic of the Congo Province Tshopo Kisangani
35%
China Province Jiangxi Nanchang
35%
Japan Prefecture ________ Niigata
35%
Japan Prefecture ________ Okayama
35%
India Territory ________ Pondicherry
35%
Russia Region ________ Ryazan
35%
Japan Prefecture ________ Saitama
35%
India Territory ________ Srinagar | Jammu
35%
South Korea Province ________ Ulsan
35%
Burkina Faso Region Hauts-Bassins Bobo-Dioulasso
34%
Brazil State Mato Grosso do Sul Campo Grande
34%
China Province Jilin Changchun
34%
Bangladesh Division ________ Khulna
34%
Brazil State Alagoas Maceió
34%
Russia Republic Dagestan Makhachkala
34%
Tanzania Region ________ Mwanza
34%
Russia Region ________ Tyumen
34%
Venezuela State Lara Barquisimeto
32%
Colombia Department Santander Bucaramanga
32%
Mexico State Sinaloa Culiacán
32%
Brazil State Paraíba João Pessoa
32%
Turkey Province ________ Kayseri
32%
Nigeria State Borno Maiduguri
32%
Russia Region ________ Penza
32%
Iran Province Khuzestan Ahvaz
31%
Iran Province Hormozgān Bandar Abbas
31%
Japan Prefecture ________ Kagoshima
31%
Democratic Republic of the Congo Province Kasaï-Central Kananga
31%
Mexico State Coahuila Saltillo
31%
Russia Region ________ Ulyanovsk
31%
Vietnam Municipality ________ Cần Thơ
29%
Turkey Province ________ Diyarbakır
29%
China Province Guizhou Guiyang
29%
Angola Province ________ Huambo
29%
Iran Province ________ Kerman
29%
Russia Region ________ Kirov
29%
Japan Prefecture ________ Kumamoto
29%
Brazil State Piauí Teresina
29%
Jordan Province ________ Zarqa
29%
Egypt Province ________ Asyut
28%
Indonesia Province ________ Bandar Lampung
28%
Iran Province Alborz Karaj
28%
Russia Region ________ Lipetsk
28%
Japan Prefecture ________ Shizuoka
28%
China Province Qinghai Xining
28%
Russia Territory Altai Barnaul
26%
Mozambique Province Sofala Beira
26%
Colombia Department Norte de Santander Cúcuta
26%
Turkey Province ________ Eskişehir
26%
Russia Republic Udmurtia Izhevsk
26%
Indonesia Province ________ Jambi
26%
Nigeria State Plateau Jos
26%
Iran Province ________ Kermanshah
26%
Iraq Province ________ Najaf
26%
Indonesia Province West Sumatra Padang
26%
Bangladesh Division ________ Sylhet
26%
India State Odisha Bhubaneswar
25%
Kazakhstan Region ________ Karaganda
25%
Russia Region ________ Kemerovo
25%
Angola Province Huíla Lubango
25%
Mozambique Province Maputo Matola
25%
Mexico State Michoacán Morelia
25%
Mozambique Province ________ Nampula
25%
Peru Departament ________ Piura
25%
Nepal Province Gandaki Pokhara
25%
Indonesia Province West Kalimantan Pontianak
25%
Iran Province ________ Yazd
25%
Kazakhstan Region ________ Aktobe
23%
Brazil State Mato Grosso Cuiabá
23%
Malaysia State Perak Ipoh
23%
Indonesia Province Riau Pekanbaru
23%
India State Kerala Thiruvananthapuram
23%
India State Andhra Pradesh Visakhapatnam
23%
Turkey Province ________ Denizli
22%
India State Assam Dispur (Guwahati)
22%
Nigeria State Kwara Ilorin
22%
Jordan Province ________ Irbid
22%
Brazil State Amapá Macapá
22%
Brazil State Rondônia Porto Velho
22%
India State Jharkhand Ranchi
22%
Turkey Province ________ Şanlıurfa
22%
Iraq Province ________ Sulaymaniyah
22%
South Korea Province Gyeonggi Suwon
22%
Taiwan Municipality ________ Taoyuan
22%
China Region Ningxia Yinchuan
22%
Brazil State Sergipe Aracaju
20%
Indonesia Province South Kalimantan Banjarmasin
20%
Philippines Region Northern Mindanao Cagayan de Oro
20%
Peru Departament Lambayeque Chiclayo
20%
Uzbekistan Region ________ Namangan
20%
India State Chhattisgarh Naya Raipur
20%
Bangladesh Division ________ Rajshahi
20%
Iran Province Gilan Rasht
20%
Iran Province ________ Ardabil
18%
Ivory Coast Region Gbêkê Bouaké
18%
South Korea Province South Gyeongsang Changwon
18%
North Korea Province North Hamgyong Chongjin
18%
India State Uttarakhand Gairsain | Dehradun
18%
Egypt Province Dakahlia Mansoura
18%
Indonesia Province East Kalimantan Samarinda
18%
Saudi Arabia Region ________ Tabuk
18%
Iran Province West Azerbaijan Urmia
18%
Iran Province Sistan and Baluchestan Zahedan
18%
Egypt Province ________ Faiyum
17%
Iran Province ________ Hamadan
17%
Kenya County ________ Nakuru
17%
Qatar Municipality ________ Al Rayyan
15%
Turkey Province ________ Kahramanmaraş
15%
Iraq Province ________ Karbala
15%
Japan Prefecture Ehime Matsuyama
15%
Egypt Province Gharbia Tanta
15%
Vietnam Province Đồng Nai Biên Hòa
14%
Colombia Department Tolima Ibagué
14%
Iran Province Markazi Arak
12%
South Korea Province North Chungcheong Cheongju
12%
South Korea Province North Jeolla Jeonju
12%
Iraq Province Dhi Qar Nasiriyah
12%
Colombia Department Meta Villavicencio
12%
Turkey Province Sakarya Adapazarı
11%
Japan Prefecture Tochigi Utsunomiya
11%
Kuwait Province ________ Hawalli
9%
Venezuela State Monagas Maturín
9%
Kuwait Province ________ Al Farwaniyah
6%
No matching quizzes found
Score Distribution
Percent of People with Each Score
Percentile by Number Answered
Your Score History
You have not taken this quiz